| 000 | 00871nam a22002177a 4500 | ||
|---|---|---|---|
| 999 |
_c21387 _d21387 |
||
| 003 | AR-CdUCM | ||
| 008 | 190410b ||||| |||| 00| 0 spa d | ||
| 020 | _a9786124149139 | ||
| 040 |
_aMUNICIPALIDAD PROVINCIAL DEL CUSCO _cBIBLIOTECA MUNICIPAL DEL CUSCO |
||
| 082 |
_a519.51/V45 _bV45 _2Segunda |
||
| 100 |
_aVéliz Capuñay, Carlos _944607 |
||
| 245 | _aEstadística para la administración y los negocios / | ||
| 260 |
_aMéxico ; _bPearson, _c2014. |
||
| 300 |
_aXIV + 468 Páginas. : _c17x24 cm. |
||
| 505 | _aContenido: Descripción de los datos -- Resumen numérico de los datos -- Relación entre variables, medidas de correlación y asociación -- Introducción a las series de tiempo -- Probabilidad ... | ||
| 650 |
_aEstadística _95668 |
||
| 650 |
_aNegocios _9825 |
||
| 650 |
_aAdministración y finanzas _944608 |
||
| 942 |
_2ddc _cLIBROS |
||
| 945 | _aRoel | ||